What's Smaller? - Statistics

General Stats
  • This quiz has been taken 209 times
  • The average score is 5 of 10
Answer Stats
Question Answer % Correct
What's smaller? A nanosecond
88%
What's smaller? Saturn
70%
What's smaller? Heart
60%
What's smaller? The net worth of Jeff Bezos
54%
What's smaller? Lion
49%
What's smaller? The population of Amsterdam
49%
What's smaller? The Quran
47%
What's smaller? Germany
37%
What's smaller? Antarctica
30%
What's smaller? The oil production of Saudi Arabia
18%
No matching quizzes found
Score Distribution
Percent of People with Each Score
Percentile by Number Answered
Your Score History
You have not taken this quiz